TV Characters to Show - Click Quiz (1970s U.S. Sitcoms) - Statistics

General Stats
  • This quiz has been taken 75 times
  • The average score is 31 of 37
Answer Stats
Hint Answer % Correct
Richie Cunningham Happy Days
94%
Arthur "Fonzie" Fonzarelli Happy Days
94%
Howard Cunningham Happy Days
93%
Laverne DeFazio Laverne & Shirley
93%
George Jefferson The Jeffersons
93%
Marion Cunningham Happy Days
91%
"Hawkeye" Pierce M*A*S*H
91%
"Trapper" John McIntyre M*A*S*H
89%
Margaret "Hot Lips" Houlihan M*A*S*H
89%
Walter "Radar" O'Reilly M*A*S*H
89%
Louise "Weezy" Jefferson The Jeffersons
89%
Mary Richards The Mary Tyler Moore Show
89%
Archie Bunker All in the Family
87%
Maxwell Klinger M*A*S*H
87%
Edith Bunker All in the Family
85%
Shirley Feeney Laverne & Shirley
85%
Lou Grant The Mary Tyler Moore Show
85%
Potsie Weber Happy Days
83%
B.J. Hunnicutt M*A*S*H
83%
Father John Mulcahy M*A*S*H
83%
Chrissy Snow Three's Company
83%
Stanley Roper Three's Company
83%
Ralph Malph Happy Days
81%
Jack Tripper Three's Company
81%
Rhoda Morgenstern The Mary Tyler Moore Show
80%
Janet Wood Three's Company
80%
Helen Roper Three's Company
80%
MIchael "Meathead" Sivic All in the Family
78%
Leonard "Lenny" Kosnowski Laverne & Shirley
78%
Henry Blake M*A*S*H
78%
Frank Burns M*A*S*H
78%
Andrew "Squiggy" Squiggman Laverne & Shirley
74%
Phyllis LIndstrom The Mary Tyler Moore Show
74%
Gloria Stivic All in the Family
72%
Murray Slaughter The Mary Tyler Moore Show
72%
Ted Baxter The Mary Tyler Moore Show
72%
Ralph Furley Three's Company
56%
No matching quizzes found
Score Distribution
Percent of People with Each Score
Percentile by Number Answered
Your Score History
You have not taken this quiz